| 000 | 00769cab a2200229 4500 | ||
|---|---|---|---|
| 001 | ABS43601 | ||
| 008 | 090401t1990 xxu||||| |||| 00| 0 eng d | ||
| 035 | _a(Sirsi) u42504 | ||
| 041 | _aeng | ||
| 100 | _aBill, P. | ||
| 245 | _aMoney rules | ||
| 260 | _c1990 | ||
| 350 | _a0 | ||
| 490 |
_aBuilding _v255 (7671) 2 November 1990, 22-23(2) |
||
| 520 | _aRepresentatives of building employers and building employees are hoping to reform the conditions of the Working Rule Agreement increasing basic pay and reducing the basic working week in return for concessions on wet and travelling time. | ||
| 650 | _aCONSTRUCTION INDUSTRY | ||
| 650 | _aINDUSTRIAL RELATIONS | ||
| 690 | _aBUILT ENVIRONMENT | ||
| 700 | _aYorke, T. | ||
| 942 | _n0 | ||
| 948 | _c04/03/1997 | ||
| 999 |
_c27217 _d27217 |
||